Podnikateľký plán a jeho rozpracovanie bakalárska práca

Saved in:
Bibliographic Details
Main Author: Kuchtová, Ivana
Corporate Author: Fakulta podnikového manažmentu EU. Katedra podnikovohospodárska
Other Authors: Havier, Jan, 1989-
Format: Book
Language:Slovak
Published: Bratislava 2017
Tags: Add Tag
No Tags, Be the first to tag this record!

MARC

LEADER 00000nbm a2200000 4500
001 0232590
005 20171024102223.2
041 0 |a slo 
044 |a SK 
245 1 0 |a Podnikateľký plán a jeho rozpracovanie  |b bakalárska práca  |c Ivana Kuchtová ; školiteľ: Ján Havier 
264 1 |a Bratislava  |c 2017 
300 |a 54 s. 
100 1 |a Kuchtová, Ivana 
700 1 |a Havier, Jan, 1989- 
710 2 |a Fakulta podnikového manažmentu EU. Katedra podnikovohospodárska